000 00480nam a22001697a 4500
003 LK-CoDNM
005 20240913135810.0
008 240913b |||||||| |||| 00| 0 eng d
040 _aLK-CoDNM
_dLK-CoDNM
_eLK-CoDNM
041 _aeng
080 _a14
_bF25
100 _aKretser,E.C.De.
245 _aHistorical sketch of the Sunday schools of the Dutch reformed church, Ceylon
260 _aColombo
_bThe Ceylon daily news
_c1847-1947
300 _b30p. ; 24 cm
942 _cBK
999 _c152239
_d152239